<?xml version="1.0" encoding="UTF-8"?>
<collection xmlns="http://www.loc.gov/MARC21/slim">
 <record>
  <leader>00614nam a22001815a 4500</leader>
  <controlfield tag="001">MAT.inmabb000310</controlfield>
  <controlfield tag="008">031209t19491926nju###########001#0#eng#d</controlfield>
  <controlfield tag="005">20110228161850.0</controlfield>
  <datafield tag="245" ind1="1" ind2="0">
   <subfield code="a">Riemannian geometry /</subfield>
   <subfield code="c">by Luther Pfahler Eisenhart.</subfield>
  </datafield>
  <datafield tag="250" ind1=" " ind2=" ">
   <subfield code="a">2nd corr. printing</subfield>
  </datafield>
  <datafield tag="260" ind1=" " ind2=" ">
   <subfield code="a">Princeton :</subfield>
   <subfield code="b">Princeton University Press,</subfield>
   <subfield code="c">1949, [c1926]</subfield>
  </datafield>
  <datafield tag="300" ind1=" " ind2=" ">
   <subfield code="a">vii, 306 p. ;</subfield>
   <subfield code="c">24 cm.</subfield>
  </datafield>
  <datafield tag="504" ind1=" " ind2=" ">
   <subfield code="a">Bibliografía: p. [289]-300.</subfield>
  </datafield>
  <datafield tag="510" ind1="4" ind2=" ">
   <subfield code="a">MR,</subfield>
   <subfield code="c">11,687g</subfield>
  </datafield>
  <datafield tag="100" ind1="1" ind2=" ">
   <subfield code="a">Eisenhart, Luther Pfahler,</subfield>
   <subfield code="d">1876-1965.</subfield>
  </datafield>
  <datafield tag="084" ind1=" " ind2=" ">
   <subfield code="a">53</subfield>
   <subfield code="2">msc2000</subfield>
  </datafield>
  <datafield tag="859" ind1=" " ind2=" ">
   <subfield code="h">53</subfield>
   <subfield code="i">Ei36r</subfield>
   <subfield code="p">A-49</subfield>
   <subfield code="b">BIB. MATEMATICA</subfield>
  </datafield>
  <datafield tag="859" ind1=" " ind2=" ">
   <subfield code="h">53</subfield>
   <subfield code="i">Ei36r</subfield>
   <subfield code="p">A-3383</subfield>
   <subfield code="t">Ej. 2</subfield>
   <subfield code="b">BIB. MATEMATICA</subfield>
  </datafield>
 </record>
</collection>
